00921cam a2200277 a 450000500170000000800410001702000180005804000630007604100080013924500930014724600370024024600250027726000680030230000240037050400530039465000260044765000160047365000170048965000160050665000150052265000130053765000180055065000150056870000280058370000320061120150709090519.0150325t 2006enka fr 001 0 eng d a9780199543656 aCO-BoUCMbspacJose A. Gerena (modificó)dJose A. Gerena0 aeng04aThe Oxford handbook of religion and scienceceditado por Philip Clayton, Zachary Simpson3 aHandbook of religion and science3 aReligion and science aOxford (Oxfordshire, Inglaterra)bOxford University pressc2006 axvi, 1023 páginas aIncluye referencias bibliográficas e índices 7aReligión y ciencia  7aReligiones  7aNaturalismo  7aJudaísmo  7aHinduismo  7aBudismo  7aCristianismo  7aAteísmo 1 aClayton, Philipeeditor1 aSimpson, Zachary R.eeditor